|
|
|
|
| LEADER |
00000nam0a2200000 4500 |
| 001 |
42211 |
| 005 |
20231101210733.0 |
| 010 |
|
|
|a 5222019519
|
| 035 |
|
|
|a (RuTPU)RU\TPU\book\43461
|
| 090 |
|
|
|a 42211
|
| 100 |
|
|
|a 20020827d2001 m y0rusy50 ca
|
| 101 |
0 |
|
|a rus
|
| 102 |
|
|
|a RU
|
| 105 |
|
|
|a a j 001zy
|
| 200 |
1 |
|
|a Поведение потребителей
|e учебное пособие для вузов
|f Н. Г. Федько, В. П. Федько
|g Под ред. В. П. Федько, И. И. Саввиди
|
| 210 |
|
|
|a Ростов-на-Дону
|c Феникс
|d 2001
|
| 215 |
|
|
|a 352 с.
|c ил.
|
| 225 |
1 |
|
|a Учебники и учебные пособия
|
| 320 |
|
|
|a Библиогр.: с. 343-345.
|
| 606 |
1 |
|
|a Потребители
|x Поведение
|2 stltpush
|3 (RuTPU)RU\TPU\subj\36656
|9 57957
|
| 610 |
1 |
|
|a экономика
|
| 610 |
1 |
|
|a торговля
|
| 610 |
1 |
|
|a поведение
|
| 610 |
1 |
|
|a потребители
|
| 610 |
1 |
|
|a маркетинг
|
| 610 |
1 |
|
|a покупательское поведение
|
| 610 |
1 |
|
|a принятие решений
|
| 610 |
1 |
|
|a мотивации
|
| 610 |
1 |
|
|a учебные пособия
|
| 686 |
|
|
|a У9(2)422я73
|v LBC/SL-A
|2 rubbk
|
| 700 |
|
1 |
|a Федько
|b Н. Г.
|g Надежда Георгиевна
|
| 701 |
|
1 |
|a Федько
|b В. П.
|g Валерий Павлович
|
| 702 |
|
1 |
|a Федько
|b В. П.
|g Валерий Павлович
|4 340
|
| 702 |
|
1 |
|a Саввиди
|b И. И.
|g Иван Игнатьевич
|4 340
|
| 801 |
|
1 |
|a RU
|b 63413507
|c 20020827
|g PSBO
|
| 801 |
|
2 |
|a RU
|b 63413507
|c 20220426
|g PSBO
|
| 900 |
|
|
|a Маркетинг
|
| 900 |
|
|
|a Человек и его потребности
|
| 942 |
|
|
|c BK
|
| 952 |
|
|
|a 521600
|b 080100
|